Culture Générale - Clic Quiz - La réponse est en emoji par IA #36 - Statistiques

Statistiques générales
  • Ce quiz a été pris 183 fois
  • Le résultat moyen est 22 sur 40
Statistiques - réponses
Hint Réponse % Correct
Power Rangers
93%
Deadpool
92%
Pepe the Frog
91%
Rocky (Chicken Run)
89%
Shaun the sheep
89%
Saint Patrick
84%
Frank (Sausage Party)
80%
Harry Roselmack
77%
Babe
76%
Vincent Vega (Pulp Fiction)
75%
Lancelot du Lac
73%
Jack l'Éventreur
72%
Andrew Garfield
70%
Oliver Twist
67%
Post Malone
67%
Nick Fury
65%
Neo
65%
Marco Asensio
64%
Marc Aurèle
60%
Saint Michel
59%
Sergio Aguero
58%
Saint Pierre
57%
Simón Bolivar
56%
Jesse Eisenberg
56%
Marco Van Basten
56%
Morpheus
48%
Jack Bauer (24 heures chrono)
47%
Diogène de Sinope
43%
Kevin Malone (The Office)
37%
Niko Bellic (Grand Theft Auto IV)
34%
Sandro Botticelli
32%
Marco Simoncelli
29%
Lleyton Hewitt
29%
Justin Long
25%
James Monroe
23%
Gerard Way (My Chemical Romance)
21%
Georges Bizet
19%
Vincent Vinel
18%
Mike Patton (Faith No More)
17%
Alexis de Tocqueville
16%
Aucun quiz correspondant
Distribution des résultats
% des personnes avec chaque résultat
Percentile par nombre de réponses
Votre historique - résultats
Vous n’avez pas pris ce quiz